Traité pratique et élémentaire de pathologie syphilitique et vénérienee / (Record no. 151792)

MARC details
000 -LEADER
campo de control de longitud fija 00730nam a22002055i 4500
001 - NÚMERO DE CONTROL
campo de control 151792
003 - IDENTIFICADOR DE NÚMERO DE CONTROL
campo de control ES-MaACL
005 - FECHA Y HORA DE LA ÚLTIMA TRANSACCIÓN
campo de control 20251114152833.0
008 - DATOS DE LONGITUD FIJA--INFORMACIÓN GENERAL
campo de control de longitud fija 000425s1864 fr |||| | fre d
040 ## - FUENTE DE CATALOGACIÓN
Centro catalogador/agencia de origen CAM
Lengua de catalogación spa
Centro/agencia transcriptor CAM
100 1# - ENTRADA PRINCIPAL--NOMBRE DE PERSONA
Nombre de persona Belhomme, Lucien.
9 (RLIN) 125892
245 10 - MENCIÓN DEL TÍTULO
Título Traité pratique et élémentaire de pathologie syphilitique et vénérienee /
Mención de responsabilidad, etc. par L. Belhomme et Aimé Martin.
260 ## - PUBLICACIÓN, DISTRIBUCIÓN, ETC.
Lugar de publicación, distribución, etc. Paris :
Nombre del editor, distribuidor, etc. A. Coccoz,
Fecha de publicación, distribución, etc. 1864 (
Fabricante A. Parent)
300 ## - DESCRIPCIÓN FÍSICA
Extensión [4], III, [1], 690 p. ;
Dimensiones 18 cm.
650 #7 - PUNTO DE ACCESO ADICIONAL DE MATERIA--TÉRMINO DE MATERIA
Término de materia o nombre geográfico como elemento de entrada Enfermedades de transmisión sexual
Fuente del encabezamiento o término embne
9 (RLIN) 12260
650 #4 - PUNTO DE ACCESO ADICIONAL DE MATERIA--TÉRMINO DE MATERIA
Término de materia o nombre geográfico como elemento de entrada Sífilis.
9 (RLIN) 17092
700 11 - ENTRADA AGREGADA--NOMBRE PERSONAL
Nombre de persona Martin, Aimé,
Fechas asociadas al nombre 1767-1846
9 (RLIN) 77260
852 ## - LOCALIZACIÓN
Ubicación ES-MaACL
Número de control de estantería G-10723
Nota libre -- Enc. pasta
Holdings
Estatus retirado Estado de pérdida Estado de daño No para préstamo Colección Biblioteca de origen Biblioteca actual Ubicación en estantería Fecha de adquisición Fuente de adquisición Total de préstamos Signatura topográfica completa Código de barras Visto por última vez Precio de reemplazo Tipo de ítem Koha
        Libros del s. XIX Biblioteca del Ateneo de Madrid Biblioteca del Ateneo de Madrid Sala Pecera Planta 3 17/01/2008     G-10723 1158422 23/02/2023 23/02/2023 Libro impreso antiguo